| 000 | 01063nam a22002657a 4500 | ||
|---|---|---|---|
| 999 |
_c65731 _d65731 |
||
| 005 | 20240530110840.0 | ||
| 008 | 200912s2020 an a g b 000 0dara d | ||
| 017 |
_a2019/26454 _bمصر. دار الكتب |
||
| 020 | _a9789779126173 | ||
| 040 |
_aEG-CaGPL _cEG-CaGPL |
||
| 082 | 0 | 4 |
_221 _a940.25 _bب س |
| 100 | 1 | _aبلاننج ، تيم | |
| 245 | 0 | 2 |
_aالسعى وراء المجد : _bاوروبا 1648 - 1815 م / _cتاليف تيم بلاننج ؛ ترجمة وتقديم وتعليق قاسم عبده قاسم _nالجزء الاول |
| 250 | _aط.1 | ||
| 260 |
_aالقاهرة : _bالمركز القومى للترجمة ، _c2020 |
||
| 300 |
_a500 ص. ؛ _c24 سم. |
||
| 650 | 0 | 7 | _2qrmak |
| 651 | 0 | 7 |
_2qrmak _aاوروبا _xتاريخ |
| 651 | 0 | 7 |
_aاوروبا _xصناعة وتجارة |
| 651 | 0 | 7 |
_aاوروبا _xالاحوال الاقتصادية |
| 651 | 0 | 7 |
_aاوروبا _xجغرافيا |
| 700 | 0 |
_aقاسم عبده قاسم _eمترجم ومعلق |
|
| 942 |
_2ddc _cBK |
||